| 000 | 01648nam0a22002411 4500 | ||
|---|---|---|---|
| 001 | rc\4468299 | ||
| 005 | 20250611182009.0 | ||
| 035 | _a(NLR Aleph) 008328792 | ||
| 090 |
_a8803781 _c8803781 |
||
| 100 | _a20130416d1965 |||y0rusy50 ca | ||
| 101 | 0 | _arus | |
| 102 | _aRU | ||
| 105 | _ay z ||||| | ||
| 200 | 1 |
_aРешение _fЦентр. правл. науч.-техн. о-ва приборостроит. пром-сти. М-во приборостроения, средств автоматизации и систем упр. СССР. Гос. ком. стандартов, мер и измерит. приборов СССР. Всесоюз. науч.-исслед. ин-т по разработке неразрушающих методов и средств контроля качества материалов. Молд. респ. правл. науч.-техн. о-ва приборостроит. пром-сти. IV Всесоюз. науч.-техн. конференция по методам контроля качества изделий и материалов без разрушения (г. Кишинев, сент. 1965 г.) |
|
| 210 |
_aМосква _cБ. и. _d[1965] |
||
| 215 |
_a12 с. _d20 |
||
| 333 | _aДля служебного пользования | ||
| 710 | 1 | 2 | _aВсесоюзная научно-техническая конференция по методам контроля качества изделий и материалов без разрушения (4; 1965; Кишинев) |
| 801 | 0 |
_aRU _bNLR _gpsbo |
|
| 801 | 1 |
_aRU _bELAR _2rusmarc |
|
| 852 |
_aNLR _j65-4/19102 |
||
| 942 | _cBOOK | ||
| 980 | _aNB | ||